000 00620nam a2200205Ia 4500
003 IN-BaIIA
008 211028s9999 xx 000 0 eng d
040 _cIIA Library
080 _a53(03)
_bENC-LII
245 0 _aEncyclopaedia of physics
_bvol. LII
_cedited by S. Flugge
260 _aBerlin
_bSpringer-Verlag
_c1959
300 _avii, 601p.
650 _aAstrophysics
_9794
650 _aEncyclopedia-Physics
_93090
650 _aNASA Thesaurus
650 _aPhysics Encyclopedia
_93454
650 _aSolar system
700 _aFlugge, S., ed.,
_93091
942 _cBK
999 _c1774
_d1774